000 00639nam a22001937a 4500
005 20130819123343.0
010 _aB-523604-622
020 _c150.00
_a9788184778502
035 _aB-523604-622
037 _aDPL
_bKKP/VEN
082 _22012
_aS
100 _aKrishnaswami, Uma
245 _aBook Uncle And Me/
_cby Uma Krishnaswami
260 _aUSA
_bScholastic India Pvt.ltd.
_c2012
270 _aGolf View Corporate Tower-A,3rd Floor,dlf phase-v
_bGurgaon
_e122002
300 _a103p.
_bill.
_c15cm.(pbk)
942 _2ddc
_cCH
_mKRI
_hS
999 _c78304
_d78304